Time value & money : (Record no. 39613)

MARC details
000 -LEADER
fixed length control field 00714nam a22001937a 4500
005 - DATE AND TIME OF LATEST TRANSACTION
control field 20100806104742.0
010 ## - LCCN (DPL NO)
LC control number ENG-98180
020 ## - INTERNATIONAL STANDARD BOOK NUMBER
Terms of availability 150.00
035 ## - SYSTEM CONTROL NUMBER
System control number EN-81713
037 ## - SOURCE OF ACQUISITION
Source of stock number/acquisition DBAD/PUB
082 ## - DEWEY DECIMAL CLASSIFICATION NUMBER
Classification number 332.820212
100 ## - MAIN ENTRY--PERSONAL NAME
Personal name Samant, Dilip
245 ## - TITLE STATEMENT
Title Time value & money :
Remainder of title a magic of baffling effect /
Statement of responsibility, etc by Dilip Samant
260 ## - PUBLICATION, DISTRIBUTION, ETC. (IMPRINT)
Place of publication, distribution, etc Mumbai
Name of publisher, distributor, etc Shubhay Prakashan
Date of publication, distribution, etc 2010
270 ## - ADDRESS
Address D/2/309, Mathura Bhuvan CHS, Dadasaheb Phalke Road,
City Dadar (E)
Postal code 400014
300 ## - PHYSICAL DESCRIPTION
Extent 102p.
Dimensions 24cm (pbk)
942 ## - ADDED ENTRY ELEMENTS (KOHA)
Source of classification or shelving scheme Dewey Decimal Classification
Item type English Books
Classification part 332.820212
Call number suffix SAM
Holdings
Withdrawn status Lost status Not for loan Collection code Home library Current library Date acquired Source of acquisition Cost, normal purchase price Full call number Barcode Copy number Cost, replacement price Koha item type
    Not For Loan Non-fiction D.B.Act.Division D.B.Act.Division 06/08/2010 DBAD / PUB 150.00 332.820212 SAM EN-81713 1 150.00 English Books

© Delhi Public Library
Hit Counter
free hit counter